Podstata a význam motivácie v oblasti poisťovníctva bakalárska práca

Na minha lista:
Detalhes bibliográficos
Autor principal: Točíková, Barbora
Autor Corporativo: Národohospodárska fakulta EU. Katedra poisťovníctva
Outros Autores: Ondruška, Tomáš, 1988-
Formato: Livro
Idioma:eslovaco
Publicado em: Bratislava 2014
Tags: Adicionar Tag
Sem tags, seja o primeiro a adicionar uma tag!

MARC

LEADER 00000nbm a2200000 4500
001 0189239
005 20170201085143.4
041 0 |a slo 
044 |a SK 
245 1 0 |a Podstata a význam motivácie v oblasti poisťovníctva  |b bakalárska práca  |c Barbora Točíková ; školiteľ: Tomáš Ondruška 
264 1 |a Bratislava  |c 2014 
300 |a 53 s. 
100 1 |a Točíková, Barbora 
700 1 |a Ondruška, Tomáš, 1988- 
710 2 |a Národohospodárska fakulta EU. Katedra poisťovníctva